South African Institute of Valuers (Record no. 119637)

MARC details
000 -LEADER
fixed length control field 00728cam a2200193 4500
001 - CONTROL NUMBER
control field WS102221
008 - FIXED-LENGTH DATA ELEMENTS--GENERAL INFORMATION
fixed length control field 000000n 000 0 eng u
035 ## - SYSTEM CONTROL NUMBER
System control number (Sirsi) u108221
110 ## - MAIN ENTRY--CORPORATE NAME
Corporate name or jurisdiction name as entry element South African Institute of Valuers
9 (RLIN) 3938
245 ## - TITLE STATEMENT
Title South African Institute of Valuers
520 ## - SUMMARY, ETC.
Summary, etc. Web site for this national society of professional real estate valuers. Includes a membership list, industry news and links to their journal 'SA Valuer'.
650 ## - SUBJECT ADDED ENTRY--TOPICAL TERM
Topical term or geographic name entry element SOUTH AFRICA
650 ## - SUBJECT ADDED ENTRY--TOPICAL TERM
Topical term or geographic name entry element Valuation
9 (RLIN) 6273
650 ## - SUBJECT ADDED ENTRY--TOPICAL TERM
Topical term or geographic name entry element ORGANISATION
650 ## - SUBJECT ADDED ENTRY--TOPICAL TERM
Topical term or geographic name entry element INTERNATIONAL
690 ## - LOCAL SUBJECT ADDED ENTRY--TOPICAL TERM (OCLC, RLIN)
Topical term or geographic name as entry element PROPERTY-PROPERTY APPRAISAL AND VALUATION
856 40 - ELECTRONIC LOCATION AND ACCESS
Uniform Resource Identifier <a href="https://www.saiv.org.za">https://www.saiv.org.za</a>
Public note View the website free of charge at www.saiv.org.za...
942 ## - ADDED ENTRY ELEMENTS (KOHA)
Suppress in OPAC 0
Holdings
Withdrawn status Lost status Source of classification or shelving scheme Damaged status Not for loan Home library Current library Shelving location Date acquired Total Checkouts Full call number Barcode Date last seen Copy number Price effective from Koha item type
    Dewey Decimal Classification     Virtual Virtual Online 08/09/2000   WEB SITE 108221-2001 06/08/2019 1 06/08/2019 Online material